000 01210cam a2200313 a 4500
001 15492638
003 OSt
005 20150408114027.0
008 081021s2009 enkabf b 001 0 eng
010 _a 2008044766
015 _aGBA944687
_2bnb
016 7 _a015175067
_2Uk
020 _a9780521840996 (hardback)
020 _a0521840996 (hardback)
035 _a(OCoLC)ocn263409098
040 _aDLC
_cDLC
_dBTCTA
_dYDXCP
_dUKM
_dC#P
_dCDX
_dBWX
_dDLC
050 0 0 _aR856
_b.S25 2009
082 0 0 _a610.28
_222
100 1 _aSaltzman, W. Mark.
_912140
245 1 0 _aBiomedical engineering :
_bbridging medicine and technology /
_cW. Mark Saltzman.
260 _aCambridge ;
_aNew York :
_bCambridge University Press,
_c2009.
300 _axxi, 633 p., [16] p. of plates :
_bill. (some col.), maps (some col.) ;
_c27 cm.
490 1 _aCambridge texts in biomedical engineering
504 _aIncludes bibliographical references and index.
650 0 _aBiomedical engineering.
_95584
830 0 _aCambridge texts in biomedical engineering.
_912141
942 _2ddc
_cBOOK
999 _c22528
_d257028